000 00680nam a2200229Ia 4500
003 GCL
008 140319s9999 xx 000 0 ara d
040 _aGCL /
_cGCL
082 0 4 _a923.9
_bع م
100 1 _aعلى حسنى الخربوطلى
245 1 0 _aالمسعودى /
_cعلى حسنى الخربوطلى
260 _a[S.N] :
_bدار المعارف ،
_c1980
300 _a95 ص
490 _aنوابغ الفكر العربى
_v0
650 0 4 _aالسعودية
650 0 4 _aالتراجم
650 0 4 _aالرحالة
650 0 4 _aالرحالة العرب
650 0 4 _aالمسعودى
650 0 4 _aالكشوف الجغرافية
942 _2ddc
_cBK
999 _c28738
_d28738